Schlierenzauer doma suverénny po treťom podujatí Turné štyroch mostíkov má k prvenstvu najbližšie Kofler

Bibliographic Details
Format: Article
Language:Slovak
Subjects:

MARC

LEADER 00000nab a2200000 ar4500
001 vtls010039663
003 SK-MaSNL
005 20260304173428.0
008 100115c20100104xo dr|n|||||||000 b|slo
015 |a SNBRBL2010/01  |2 snkbucl 
038 |a SNKBUCL 
040 |a SNKBUCL  |b slo  |c SNKBUCL  |e AACR2 
041 0 |a slo 
044 |a xo  |c SK 
080 |a 796.926.093.1  |x (100)  |2 1997 
245 0 0 |a Schlierenzauer doma suverénny  |b po treťom podujatí Turné štyroch mostíkov má k prvenstvu najbližšie Kofler 
300 |b Tab. 
611 2 7 |a Turné štyroch mostíkov  |d (2010 :  |c Innsbruck, Rakúsko)  |2 snkbucl  |9 1503865 
650 0 7 |a lyžovanie  |2 snkbucl  |9 3256 
650 0 7 |a skoky na lyžiach  |2 snkbucl  |9 3257 
773 0 |t Šport  |g Roč. 64, č. 2 (4.1.2010), s. 28  |x 0139-7001 
852 |a SNK  |b KIS3GCP 
999 |c 3003239  |d 3005169